=LDR 00000nam 2200000 4500 =001 INLIS000000000023987 =005 20130612122612 =008 ***********************************Ind** =035 ##$$0010-061300000023987 =041 ##$$a Ind =082 ##$$a 384.63 =090 ##$$a 384.63, For p =100 ##$$a Forsyth, Patrick =245 ##$$a Penggunaan telpon dalam penjualan, Patrick Forsyth =260 ##$$a 1989 $b Jakarta =300 ##$$a 73 hlm, 14 cm =650 ##$$a Telpon - Aspek ekonomi =850 ##$$a NBPNMAT